书目信息 |
| 题名: |
收藏·垂钓
|
|
| 作者: | 江明 编著 | |
| 分册: | ||
| 出版信息: | 海口 南海出版公司 2005.01 |
|
| 页数: | 142页 | |
| 开本: | 20cm | |
| 丛书名: | 校园文化活动指导 | |
| 单 册: | ||
| 中图分类: | G89 | |
| 科图分类: | ||
| 主题词: | 文娱性体育活动 | |
| 电子资源: | ||
| ISBN: | 7-5442-1473-7 | |
| 000 | 00572nam0 2200205 450 | |
| 001 | 0732682865 | |
| 005 | 20070312093440.57 | |
| 010 | @a7-5442-1473-7@dCNY14.05 | |
| 100 | @a20070312d2005 km y0chiy0120 ea | |
| 101 | 0 | @achi |
| 200 | 1 | @a收藏·垂钓@Ashou cang·chui diao@f江明编著@Fjiang ming bian zhu |
| 210 | @a海口@c南海出版公司@d2005.01 | |
| 215 | @a142页@d20cm | |
| 225 | 2 | @a校园文化活动指导 |
| 410 | 0 | @12001 @a校园文化活动指导 |
| 606 | 0 | @a文娱性体育活动 |
| 690 | @aG89@v3 | |
| 701 | 0 | @a江明@Ajiang ming@4编著 |
| 801 | 0 | @aCN@c20070312 |
| 905 | @a10447@dG89@eJ362 | |
| 收藏·垂钓/江明编著.-海口:南海出版公司,2005.01 |
| 142页;20cm.-(校园文化活动指导) |
| ISBN 7-5442-1473-7:CNY14.05 |
| ● |
| 相关链接 |
|
|
|
正题名:收藏·垂钓
索取号:G89/J362
 
预约/预借
| 序号 | 登录号 | 条形码 | 馆藏地/架位号 | 状态 | 备注 |
| 1 | 445754 | 204457541 | 社科库409/409社科库 27排3列4层/ [索取号:G89/J362] | 在馆 | |
| 2 | 445755 | 204457550 | 社科库409/409社科库 27排3列4层/ [索取号:G89/J362] | 在馆 | |
| 3 | 445756 | 204457569 | 社科库409/409社科库 27排3列4层/ [索取号:G89/J362] | 在馆 |